[Event "RSA-ch U10"]
[Site "Bloemfontein"]
[Date "2016.03.25"]
[Round "10"]
[White "Peter, Neathan"]
[Black "Meyer, Ewald"]
[Result "1/2-1/2"]
[WhiteElo "958"]
[BlackElo "1140"]
[PlyCount "84"]
[EventDate "2016.03.20"]
[EventType "swiss"]
[EventRounds "11"]
[EventCountry "RSA"]
[SourceTitle "CBM 171 Extra"]
[Source "ChessBase"]
[SourceDate "2016.04.26"]
[SourceVersion "1"]
[SourceVersionDate "2016.04.26"]
[SourceQuality "1"]

1. e4 e5 2. Nf3 Nc6 3. Nc3 Nf6 4. Bc4 d6 5. Ng5 d5 6. exd5 Nxd5 7. Nxf7 Kxf7 8. Bxd5+ Be6 9. Qf3+ Qf6 10. Bxc6 bxc6 11. Qxc6 Bd6 12. d3 h6 13. Be3 Rhd8 14. Ne4 Qe7 15. Nxd6+ cxd6 16. Qf3+ Qf6 17. Qxf6+ Kxf6 18. Rg1 a6 19. g4 Rdc8 20. g5+ hxg5 21. Bxg5+ Kf7 22. c3 Rab8 23. Bc1 Rc6 24. Rf1 Bh3 25. Rg1 d5 26. Rg3 Bf5 27. Rg5 Kf6 28. Ke2 Rxb2+ 29. Bxb2 Kxg5 30. Rg1+ Kf6 31. Kd2 g6 32. Re1 e4 33. c4+ Ke6 34. cxd5+ Kxd5 35. dxe4+ Bxe4 36. Rc1 Rxc1 37. Bxc1 Bb1 38. a3 Ke4 39. Ke1 Kf3 40. Kf1 Bf5 41. a4 Bg4 42. a5 Bh3+ 1/2-1/2

[Event "RSA-ch U10"]
[Site "Bloemfontein"]
[Date "2016.03.24"]
[Round "8"]
[White "Moollajee, Rehaan"]
[Black "Meyer, Ewald"]
[Result "1/2-1/2"]
[WhiteElo "1053"]
[BlackElo "1140"]
[PlyCount "37"]
[EventDate "2016.03.20"]
[EventType "swiss"]
[EventRounds "11"]
[EventCountry "RSA"]
[SourceTitle "CBM 171 Extra"]
[Source "ChessBase"]
[SourceDate "2016.04.26"]
[SourceVersion "1"]
[SourceVersionDate "2016.04.26"]
[SourceQuality "1"]

1. e4 e5 2. Nf3 Nc6 3. d4 exd4 4. Nxd4 Nge7 5. Nc3 g6 6. Bc4 Bg7 7. Be3 d6 8. 0-0 0-0 9. Re1 Ne5 10. Bb3 Bd7 11. Qd2 a6 12. Bh6 c5 13. Nde2 Qc7 14. a3 Rad8 15. Rad1 Bc6 16. Bxg7 Kxg7 17. f3 f6 18. Nf4 Bd7 19. Be6 1/2-1/2

[Event "RSA-ch U10"]
[Site "Bloemfontein"]
[Date "2016.03.22"]
[Round "4"]
[White "Van Wyngaard, Zander"]
[Black "Meyer, Ewald"]
[Result "1-0"]
[WhiteElo "1134"]
[BlackElo "1140"]
[PlyCount "61"]
[EventDate "2016.03.20"]
[EventType "swiss"]
[EventRounds "11"]
[EventCountry "RSA"]
[SourceTitle "CBM 171 Extra"]
[Source "ChessBase"]
[SourceDate "2016.04.26"]
[SourceVersion "1"]
[SourceVersionDate "2016.04.26"]
[SourceQuality "1"]

1. d4 d5 2. c4 Nf6 3. Nc3 e6 4. a3 Nc6 5. Nf3 Bd7 6. Bg5 Be7 7. e3 b6 8. Bd3 Na5 9. Bxf6 Bxf6 10. cxd5 exd5 11. Nxd5 Bg4 12. Nxf6+ Qxf6 13. Be4 Rc8 14. h3 Be6 15. d5 Rd8 16. Qa4+ Bd7 17. Qd4 Qxd4 18. Nxd4 0-0 19. 0-0 Rfe8 20. Bf3 Nc4 21. b4 Nd2 22. Rfd1 Nxf3+ 23. Nxf3 Ba4 24. Rd4 c6 25. d6 Re6 26. d7 Re7 27. b5 cxb5 28. Rc1 b4 29. Rc8 Rexd7 30. Rxd8+ Rxd8 31. Rxd8+ 1-0

[Event "RSA-ch U10"]
[Site "Bloemfontein"]
[Date "2016.03.21"]
[Round "3"]
[White "Meyer, Ewald"]
[Black "Stuurman, Neo"]
[Result "1/2-1/2"]
[WhiteElo "1140"]
[BlackElo "1151"]
[PlyCount "123"]
[EventDate "2016.03.20"]
[EventType "swiss"]
[EventRounds "11"]
[EventCountry "RSA"]
[SourceTitle "CBM 171 Extra"]
[Source "ChessBase"]
[SourceDate "2016.04.26"]
[SourceVersion "1"]
[SourceVersionDate "2016.04.26"]
[SourceQuality "1"]

1. e4 d6 2. d4 Nf6 3. Nc3 g6 4. Bc4 Bg7 5. Nf3 0-0 6. 0-0 c6 7. Bd2 Nbd7 8. Re1 Qc7 9. e5 dxe5 10. Nxe5 Nxe5 11. Bf4 Nf3+ 12. Qxf3 Qd7 13. Rad1 Qd8 14. Qe3 Re8 15. d5 cxd5 16. Nxd5 Nxd5 17. Rxd5 Qb6 18. Qxb6 axb6 19. Rb5 Bd4 20. Be3 Rd8 21. Rd1 Bd7 22. Rd5 e5 23. Bxd4 Be6 24. Rxd8+ Rxd8 25. Bxe6 fxe6 26. g3 exd4 27. Re1 Kf7 28. Rd1 Kf6 29. Kg2 Kf5 30. Kf3 h5 31. h4 e5 32. Ke2 e4 33. Rd2 b5 34. c3 d3+ 35. Ke3 b6 36. f3 exf3 37. Kxf3 Rd7 38. Ke3 Kg4 39. Kf2 Rf7+ 40. Kg2 Rf3 41. Rf2 Rxf2+ 42. Kxf2 d2 43. Ke2 Kxg3 44. b3 Kxh4 45. a4 g5 46. axb5 g4 47. Kxd2 g3 48. Ke2 Kg4 49. c4 h4 50. c5 bxc5 51. b6 h3 52. b7 h2 53. b8Q h1Q 54. Qg8+ Kh3 55. Qh7+ Kg2 56. Qe4+ Kg1 57. Qe3+ Kh2 58. Qh6+ Kg2 59. Qc6+ Kh2 60. Qh6+ Kg2 61. Qc6+ Kh2 62. Qh6+ 1/2-1/2

[Event "RSA-ch U10"]
[Site "Bloemfontein"]
[Date "2016.03.21"]
[Round "2"]
[White "Vather, Shayur"]
[Black "Meyer, Ewald"]
[Result "1-0"]
[WhiteElo "1312"]
[BlackElo "1140"]
[PlyCount "89"]
[EventDate "2016.03.20"]
[EventType "swiss"]
[EventRounds "11"]
[EventCountry "RSA"]
[SourceTitle "CBM 171 Extra"]
[Source "ChessBase"]
[SourceDate "2016.04.26"]
[SourceVersion "1"]
[SourceVersionDate "2016.04.26"]
[SourceQuality "1"]

1. e4 e5 2. Nf3 Nc6 3. d4 exd4 4. Nxd4 Nxd4 5. Qxd4 Qe7 6. Nc3 Qc5 7. Be3 Qxd4 8. Bxd4 a6 9. 0-0-0 d6 10. Nd5 Kd8 11. Bc3 Ne7 12. Bc4 Bd7 13. Nxe7 Kxe7 14. e5 Be6 15. exd6+ cxd6 16. Rhe1 Kd7 17. Be2 Be7 18. Bf3 Bg5+ 19. Kb1 Rab8 20. Bxg7 Rhc8 21. Be5 Be7 22. Bc3 b5 23. a3 Bf5 24. Re2 Be6 25. Red2 f6 26. Bd5 Bf5 27. f3 h6 28. Re2 Bh7 29. Be6+ Kd8 30. Bxc8 Rxc8 31. Rde1 Rc7 32. Ba5 Bg8 33. Bxc7+ Kxc7 34. Rxe7+ Kc6 35. R1e3 Bd5 36. Rc3+ Kb6 37. b4 Bc4 38. a4 a5 39. bxa5+ Kxa5 40. axb5 Kxb5 41. Rb7+ Kc5 42. Rc7+ Kd5 43. R3xc4 Ke5 44. Re4+ Kd5 45. c4# 1-0

[Event "Latin Cup"]
[Site "Montevideo"]
[Date "2011.11.05"]
[Round "7"]
[White "Meyer, Ewald"]
[Black "Leiva Rodriguez, Jeammarco Giuseppe"]
[Result "0-1"]
[WhiteElo "2060"]
[BlackElo "2183"]
[PlyCount "82"]
[EventDate "2011.11.01"]
[EventType "swiss"]
[EventRounds "9"]
[EventCountry "URU"]
[SourceTitle "EXT 2012"]
[Source "ChessBase"]
[SourceDate "2011.11.24"]
[SourceVersion "1"]
[SourceVersionDate "2011.11.24"]
[SourceQuality "1"]

1. d4 Nf6 2. c4 e6 3. g3 c5 4. Nf3 cxd4 5. Nxd4 Nc6 6. Bg2 Bb4+ 7. Nc3 a6 8. 0-0 Qc7 9. a3 Bxc3 10. bxc3 Na5 11. c5 Qxc5 12. Qd3 0-0 13. a4 Nc4 14. Nb3 Qc7 15. Bf4 d6 16. Bg5 Nd7 17. e4 Nde5 18. Qe2 Bd7 19. Kh1 Ng6 20. h4 f6 21. Bc1 Rac8 22. h5 Nge5 23. f4 Nf7 24. a5 e5 25. f5 h6 26. Re1 Rfd8 27. Qd3 Be8 28. g4 Bb5 29. Qg3 Rd7 30. Kh2 Nd8 31. Qh4 Nc6 32. Nd2 Nxd2 33. Bxd2 Qd8 34. Rac1 Bc4 35. Rg1 d5 36. exd5 Bxd5 37. Be3 Nxa5 38. Qf2 Nc4 39. Bc5 Bxg2 40. Rxg2 Rd2 41. Qg1 Rxg2+ 0-1

[Event "Latin Cup"]
[Site "Montevideo"]
[Date "2011.11.03"]
[Round "3"]
[White "Meyer, Ewald"]
[Black "Avedisian, Alexander"]
[Result "1-0"]
[WhiteElo "2060"]
[BlackElo "1965"]
[PlyCount "76"]
[EventDate "2011.11.01"]
[EventType "swiss"]
[EventRounds "9"]
[EventCountry "URU"]
[SourceTitle "EXT 2012"]
[Source "ChessBase"]
[SourceDate "2011.11.24"]
[SourceVersion "1"]
[SourceVersionDate "2011.11.24"]
[SourceQuality "1"]

1. d4 Nf6 2. c4 g6 3. Nc3 Bg7 4. e4 d6 5. Be2 0-0 6. Be3 e5 7. d5 a5 8. g4 Na6 9. f3 Nc5 10. Qd2 a4 11. 0-0-0 a3 12. b3 Bd7 13. h4 h5 14. Bg5 Qe8 15. Bxf6 Bxf6 16. gxh5 gxh5 17. Qh6 Bg7 18. Qxh5 f6 19. Qxe8 Rfxe8 20. Nh3 Bxh3 21. Rxh3 Bh6+ 22. Kc2 Be3 23. Bf1 Kh7 24. Rg3 Rg8 25. Rg4 Na6 26. Bh3 Bd4 27. Nb5 Bc5 28. Kb1 Rg7 29. Rd2 Re8 30. Rxg7+ Kxg7 31. Rg2+ Kh8 32. Be6 Re7 33. Rg8+ Kh7 34. Ra8 Rg7 35. Bf5+ Rg6 36. h5 c6 37. hxg6+ Kg7 38. dxc6 bxc6 1-0

[Event "Latin Cup"]
[Site "Montevideo"]
[Date "2011.11.01"]
[Round "1"]
[White "Meyer, Ewald"]
[Black "Roibal, Felisardo"]
[Result "1-0"]
[WhiteElo "2060"]
[BlackElo "1518"]
[PlyCount "50"]
[EventDate "2011.11.01"]
[EventType "swiss"]
[EventRounds "9"]
[EventCountry "URU"]
[SourceTitle "EXT 2012"]
[Source "ChessBase"]
[SourceDate "2011.11.24"]
[SourceVersion "1"]
[SourceVersionDate "2011.11.24"]
[SourceQuality "1"]

1. d4 Nf6 2. c4 g6 3. Nc3 Bg7 4. e4 d6 5. Be2 c6 6. Be3 Nbd7 7. g4 0-0 8. g5 Ne8 9. Qd2 e6 10. 0-0-0 a6 11. h4 f5 12. gxf6 Ndxf6 13. f4 Nc7 14. h5 b5 15. hxg6 hxg6 16. Nh3 Bb7 17. e5 dxe5 18. fxe5 Nh7 19. Rhg1 bxc4 20. Rxg6 Nd5 21. Bh6 Rf7 22. Rdg1 Qf8 23. Rxg7+ Rxg7 24. Rxg7+ Qxg7 25. Bxg7 Kxg7 1-0

[Event "Mirabal rapid op 4th"]
[Site "Mirabal"]
[Date "2001.05.05"]
[Round "2"]
[White "Zlotnik, Boris A"]
[Black "Meyer, Ewald"]
[Result "1-0"]
[WhiteElo "2410"]
[BlackElo "2032"]
[PlyCount "69"]
[EventDate "2001.05.05"]
[EventType "swiss (rapid)"]
[EventRounds "9"]
[EventCountry "ESP"]
[SourceTitle "CBM 082 Extra"]
[Source "ChessBase"]
[SourceDate "2001.07.03"]
[SourceVersion "1"]
[SourceVersionDate "2001.07.03"]
[SourceQuality "1"]

1. d4 e6 2. c4 f5 3. Nf3 Nf6 4. g3 g6 5. Bg2 Bg7 6. 0-0 0-0 7. d5 d6 8. Nc3 e5 9. e4 Na6 10. exf5 gxf5 11. Bd2 Qe8 12. Qc2 Qh5 13. Nh4 f4 14. Rae1 Bd7 15. a3 Rad8 16. b4 Bg4 17. Qd3 Kh8 18. h3 Bd7 19. Qe2 Qxe2 20. Rxe2 fxg3 21. fxg3 Nh5 22. Ne4 Rxf1+ 23. Bxf1 Rf8 24. Rf2 Kg8 25. Rxf8+ Kxf8 26. c5 Nf6 27. Nxf6 Bxf6 28. c6 Bc8 29. cxb7 Bxb7 30. Be3 Nb8 31. Bxa7 Nd7 32. Bb5 Nb6 33. Bxb6 cxb6 34. Bc6 Bc8 35. a4 1-0

[Event "CZE-chTV 0001"]
[Site "Czech Republic"]
[Date "2001.??.??"]
[Round "5"]
[White "Meyer, Ewald"]
[Black "Ruzicka, Zdenek"]
[Result "0-1"]
[WhiteElo "2030"]
[BlackElo "2125"]
[PlyCount "114"]
[EventDate "2000.??.??"]
[EventType "team"]
[EventRounds "11"]
[EventCountry "CZE"]
[SourceTitle "EXT 2003"]
[Source "ChessBase"]
[SourceDate "2002.11.25"]
[SourceVersion "1"]
[SourceVersionDate "2002.11.25"]
[SourceQuality "1"]

1. d4 Nf6 2. c4 e6 3. Nf3 b6 4. Bg5 h6 5. Bh4 Bb7 6. e3 Be7 7. Nc3 Ne4 8. Bxe7 Qxe7 9. Nxe4 Bxe4 10. a3 0-0 11. Bd3 Bxd3 12. Qxd3 d6 13. e4 Nd7 14. 0-0 e5 15. Rfe1 a5 16. Rad1 Rfe8 17. dxe5 Nxe5 18. Nxe5 Qxe5 19. Qd4 Qxd4 20. Rxd4 Re7 21. Rd3 f6 22. f3 Kf7 23. Kf2 a4 24. Ke2 f5 25. Re3 fxe4 26. Rxe4 Rxe4+ 27. fxe4 Ke6 28. Rf1 Ra5 29. g3 Rc5 30. Kd3 b5 31. cxb5 Rxb5 32. Rf2 g6 33. Kc2 Ke5 34. Rf7 Kxe4 35. Rf4+ Ke3 36. Rxa4 d5 37. b4 d4 38. Ra8 Re5 39. Rd8 Re6 40. b5 Re5 41. a4 Rc5+ 42. Kd1 Kd3 43. Rd7 Rc4 44. a5 Ra4 45. Kc1 Ra1+ 46. Kb2 Rxa5 47. Rxc7 Rxb5+ 48. Kc1 Rb6 49. h4 h5 50. Rc8 Re6 51. Ra8 Re1+ 52. Kb2 Rg1 53. Ra6 Kd2 54. Rxg6 d3 55. Rg7 Rg2 56. Re7 Re2 57. Rd7 Ke1+ 0-1

[Event "CZE-chTV 0001"]
[Site "Czech Republic"]
[Date "2001.??.??"]
[Round "7"]
[White "Provaznik, Ivan"]
[Black "Meyer, Ewald"]
[Result "0-1"]
[WhiteElo "1980"]
[BlackElo "2030"]
[PlyCount "78"]
[EventDate "2000.??.??"]
[EventType "team"]
[EventRounds "11"]
[EventCountry "CZE"]
[SourceTitle "EXT 2003"]
[Source "ChessBase"]
[SourceDate "2002.11.25"]
[SourceVersion "1"]
[SourceVersionDate "2002.11.25"]
[SourceQuality "1"]

1. Nf3 Nf6 2. c4 e6 3. Nc3 b6 4. Qc2 Bb7 5. e4 d6 6. d4 Nbd7 7. Bd3 e5 8. d5 Be7 9. 0-0 0-0 10. Re1 Nc5 11. Bf1 a5 12. g3 Bc8 13. Bg2 Nh5 14. Qe2 g6 15. Bh6 Ng7 16. Nd2 f5 17. f4 Bf6 18. Rac1 exf4 19. Bxf4 Re8 20. Qf1 Rb8 21. Bf3 Bd4+ 22. Kh1 g5 23. Be3 Bxe3 24. Rxe3 f4 25. gxf4 gxf4 26. Re2 Qh4 27. Nb3 Nd3 28. Rd1 Ne5 29. Nd2 Rf8 30. b3 Kh8 31. Qf2 Qh6 32. Nb5 Bg4 33. Nxc7 Nh5 34. Ree1 Rg8 35. Bxg4 Rxg4 36. Nf1 Rbg8 37. Ne6 Nf3 38. Nd2 Ng3+ 39. Qxg3 Rxg3 0-1

[Event "Olomouc Agentura 64 op"]
[Site "Olomouc"]
[Date "2000.08.03"]
[Round "2"]
[White "Meyer, Ewald"]
[Black "Karlik, Vladimir"]
[Result "1/2-1/2"]
[WhiteElo "2031"]
[BlackElo "2285"]
[PlyCount "82"]
[EventDate "2000.08.02"]
[EventType "swiss"]
[EventRounds "9"]
[EventCountry "CZE"]
[SourceTitle "EXT 2001"]
[Source "ChessBase"]
[SourceDate "2000.11.22"]
[SourceVersion "1"]
[SourceVersionDate "2000.11.22"]
[SourceQuality "1"]

1. e4 g6 2. d4 Bg7 3. Nc3 c6 4. Bc4 d6 5. Be3 Nf6 6. f3 d5 7. exd5 cxd5 8. Bb5+ Bd7 9. Bxd7+ Qxd7 10. Nge2 Nc6 11. Qd2 0-0 12. Bh6 Bxh6 13. Qxh6 Rfc8 14. 0-0-0 b5 15. h4 b4 16. Nb1 Qd8 17. h5 Qf8 18. hxg6 Qxh6+ 19. Rxh6 Kg7 20. Rh4 hxg6 21. Kd2 Na5 22. b3 Nb7 23. Rc1 Nd6 24. a4 Rab8 25. Kd1 g5 26. Rh2 g4 27. Nd2 Nf5 28. Nf1 e6 29. Kd2 a5 30. Ne3 Nxe3 31. Kxe3 gxf3 32. gxf3 Ne8 33. Kd2 Kf6 34. c3 Nd6 35. cxb4 Rxc1 36. Kxc1 Rxb4 37. Kc2 Nf5 38. Kc3 e5 39. dxe5+ Kxe5 40. Rh5 Ke6 41. Kc2 Ne3+ 1/2-1/2